000 01419ngm a22003970a 4500
001 PT16375
003 AR-LpoUNG
005 20210202000203.0
007 vd cvaizq
008 191001s1989||||ag |||||||||||||||||spa d
037 _c$8.33
040 _aAR-LpoUNG
_bspa
_cAR-LpoUNG
_eaacr
041 _aspa
044 _aag
082 0 _a982.064 495ami
100 1 _aMeerapfel, Jeanine
_edir.
245 1 3 _aLa amiga
260 _aSan Luis :
_bAVH,
_c1989.
300 _aVHS (115 min.) : son., col.
505 0 _aMúsica: José Luis Castiñeira de Dios.
520 _aNueva mirada del cine argentino sobre la dictadura militar de los años 70 y los terribles daños que causó en la sociedad. Esta vez, el foco está puesto en dos amigas de muchos años separadas por el exilio provocado por la dictadura militar. Ambas se reencuentran durante los primeros años de la democracia y luchan por la justicia.
650 4 _aARGENTINA
650 4 _aASPECTOS POLITICOS
650 4 _aDERECHOS HUMANOS
650 4 _aFUERZAS ARMADAS
650 4 _aGOBIERNO
650 4 _aPODER POLITICO
650 4 _aRELACIONES GOBIERNO FUERZAS ARMADAS
651 4 _aDOCUMENTOS TEORICOS O METODOLOGICOS
653 _aCINE ARGENTINO
653 _aVIDEOS
710 2 _aJorge Estrada Mora Producciones (firma comercial)
710 2 _aJournal Film Klaus Volkenborn (firma comercial)
905 _a16375
942 _cVIDEO
999 _c54297
_d54297